000 00508nam a2200205Ia 4500
005 20240823014024.0
008 240823s9999||||xx |||||||||||||| ||und||
020 _a81-7596-223-2
041 _aENGLISH
082 _A418 P8
100 _a"Doff,Adrian"
245 0 _aLanguage in Use : Class Room Book
250 _a1st
260 _c2004
_b"Cambridge Universities Press,New Delhi"
500 _aTRANSFERED
650 _aENG
_bEnglish
700 _a Jones Christophe
942 _cBK
999 _c168901
_d168901